000 01090nam a2200265 4500
001 174616
003 ES-MaACL
005 20231222172316.0
008 100511s1963 sp acfo |||| |dspa d
080 _a75:061.43
100 1 _aAreán, Carlos,
_d1921-1996
_922562
245 1 0 _aPintores extranjeros en España :
_btendencias no imitativas : [exposición organizada por la Sección de Artes Plásticas y Audiovisuales de la Dirección General de Información] /
_cCarlos Areán.
260 _a[Madrid] :
_bPublicaciones Españolas,
_c[1963]
300 _a[72] p., [6] h. de lám. col. :
_bil., fot. ;
_c24 cm.
490 1 _aCuadernos de arte. Colección especial ;
_v1
650 4 _aPintura-
_yS.XX-
_vExposiciones.
_916011
655 7 _2tgfbne
_9193628
_aCatálogos de exposiciones
710 2 _aAteneo de Madrid.
_91875
710 1 _aEspaña.
_bDirección General de Información.
_93743
830 1 _aCuadernos de arte. Colección especial ;
_v1
_9223715
852 4 _aES-MaACL
_j2303-F-14
852 _aES-MaACL
_j2286-F-2
942 _2udc
999 _c174616
_d174616